| 000 | 01871nam a22002657a 4500 | ||
|---|---|---|---|
| 005 | 20231003122824.0 | ||
| 008 | 230929b ||||| |||| 00| 0 eng d | ||
| 020 | _a9789356380400 | ||
| 040 | _cAL | ||
| 041 | _ahin | ||
| 082 |
_223 _aH891.4 _bDODH |
||
| 100 |
_aN M Dodiya: एन एम डोडिया _9135867 |
||
| 245 |
_aHindi Sahitya Paryavaran Samskrati Evam Anusandhan: _bहिन्दी साहित्य पर्यावरण संस्कृति एवं अनुसंधान Vol 3 |
||
| 260 |
_aJaipur _bMark Publishers _c2023 |
||
| 300 |
_aiv,236p. _bHB _c24x16cm. |
||
| 365 |
_2Hindi _a1526A/P/2020 _b1260.00 _c₹ _d1800.00 _e30% _f11-09-2023 |
||
| 440 |
_nVol 3 _9135440 |
||
| 520 | _aप्रागैतिहासिक सभ्यता एवं संस्कृति सिन्धु घाटी सभ्यता एवं संस्क्रति वैदिक सभ्यता एवं संस्क्रति सूत्र एवं महाकाव्य कालीन सभ्यता एवं संस्कृति मौर्यकालीन सभ्यता एवं संस्कृति गुप्तकालीन सभ्यता एवं संस्कृति | ||
| 650 |
_aVaidhik Sabhyata Evam Samskrati: वैदिक सभ्यता एवं संस्क्रति _9135493 |
||
| 650 |
_aMaurykaleen Sabhyata Evam Samskrati: मौर्यकालीन सभ्यता एवं संस्कृति _9135494 |
||
| 650 |
_aGuptakaleen Sabhyata Evam Samskrati: गुप्तकालीन सभ्यता एवं संस्कृति _9135495 |
||
| 650 |
_aHindi Prose: हिंदी गध्य _9135496 |
||
| 700 |
_aDODIYA (N M): डोडिया (एन एम) _9135445 |
||
| 942 |
_2ddc _cBK |
||
| 999 |
_c228900 _d228900 |
||